000 00528nam a22002177a 4500
003 UA-OsUOA
001 48509
007 ta
008 20070907b un ||||| |||| 00| 0 ukr d
090 _a82
_bС73
942 _cBK
040 _aUA-OsUOA
_brus
_cUA-OsUOA
_dUA-OsUOA
245 _aСпособность к диалогу
300 _a252 с.
955 _a2
041 _arus
080 _a82
260 _aМ.
_c1993
650 7 _a82 Література. Літературознавство
_2UDC
999 _c334607
_d334607